KOHA-Header-6

Muhammad (Record no. 2459)

000 -LEADER
fixed length control field 00278nam a2200121Ia 4500
008 - FIXED-LENGTH DATA ELEMENTS--GENERAL INFORMATION
fixed length control field 190802s9999 xx 000 0 und d
020 ## - INTERNATIONAL STANDARD BOOK NUMBER
International Standard Book Number 969-519-088-X
100 ## - MAIN ENTRY--PERSONAL NAME
Personal name Martin Lings
245 #0 - TITLE STATEMENT
Title Muhammad
260 ## - PUBLICATION, DISTRIBUTION, ETC. (IMPRINT)
Place of publication, distribution, etc Lahore
Name of publisher, distributor, etc Suhail Academy
Date of publication, distribution, etc 2005
300 ## - PHYSICAL DESCRIPTION
Extent 362:p
942 ## - ADDED ENTRY ELEMENTS (KOHA)
Koha item type Books
Holdings
Withdrawn status Lost status Source of classification or shelving scheme Damaged status Not for loan Collection code Permanent Location Current Location Shelving location Date acquired Total Checkouts Total Renewals Full call number Barcode Date last seen Date checked out Price effective from Koha item type
          Islamic Studies MAJU MAJU   2019-08-03 1 1 297.63 9082 2024-08-02 2023-02-09 2019-08-03 Islamic Studies

Powered by Koha